000 00563nam a2200193 a 4500
001 13701
003 CO-ViMGA
008 141112s2004 ck r 000 u spa d
020 _a9589037682
040 _aCO-ViMGA
_bspa
_cCO-ViMGA
082 0 4 _aROMe
100 1 _aRoman, Celso
_92364
245 1 0 _aEzequiel Uricoechea :
_bel niño que queria saberlo todo
260 _aSantafé de Bogotá :
_bColciencias,
_c1998
300 _a75
490 _aJuvenil de Colciencias
650 1 4 _aRICOECHEA, EZEQUIEL - 1934 - 1880 - LITERATURA JUVENIL
_920001
942 _2ddc
_cBK
999 _c24422
_d24422